00722nam a2200193 i 450000100060000000300090000600500170001500700030003200800410003510000440007624501210012026000420024130000320028349000330031560000690034870000460041783000330046385200320049643560ES-MaACL20251114105614.0t|030318s1967 sp ||||1| spa d1 aCastroviejo, José María,d1909-198314aEl Conde de Gondomar, un azor entre ocasos / cJosé María Castroviejo, Francisco de P. Fernández de Córdoba. aMadrid : bPrensa Española, c1967. a248 p., 6 lám. ; c21 cm.1 aColección "Los Tres Dados"17aGondomar, Diego Sarmiento de Acuña, cConde de, d1567-162621 aFernández de Córdoba, Francisco de P.0 aColección "Los Tres Dados" aES-MaACLjC-32729 bR.63590